[Event "Sparkassen-Open B"]
[Site "Heusenstamm, Martinsee"]
[Date "2019.11.22"]
[Round "3.47"]
[White "Jansen, Malte"]
[Black "Goodwin, David"]
[Result "0-1"]
[WhiteElo "790"]
[BlackElo "1541"]
[PlyCount "56"]
[EventDate "2019.??.??"]
[WhiteTeam "SC Herborn"]
[BlackTeam "SV Kelsterbach"]

1. e4 g6 2. Nf3 Bg7 3. Bc4 d6 4. O-O e6 5. Nc3 Ne7 6. d4 O-O 7. Bf4 a6 8. Re1
b5 9. Bb3 Nd7 10. Qd2 Bb7 11. Re3 Nb6 12. Ne2 d5 13. e5 Nf5 14. Rd3 Nc4 15. Qc3
Rc8 16. Ng3 Nxg3 17. Bxg3 c5 18. Re1 b4 19. Qxc4 dxc4 20. Bxc4 Bd5 21. Bxd5
Qxd5 22. b3 Qb7 23. Ng5 cxd4 24. Re2 Rc3 25. Rxd4 Qc7 26. Rxb4 Rxc2 27. Rxc2
Qxc2 28. h3 Qc1+ 0-1

[Event "Sparkassen-Open B"]
[Site "Heusenstamm, Martinsee"]
[Date "2019.11.22"]
[Round "3.48"]
[White "Ketting, Douwe"]
[Black "Barth, Horst"]
[Result "1-0"]
[WhiteElo "1534"]
[BlackElo "1270"]
[PlyCount "71"]
[EventDate "2019.??.??"]
[WhiteTeam "SC Somborn"]
[BlackTeam "SF Mainz"]

1. b4 e5 2. Bb2 d6 3. e3 Nf6 4. a3 Be6 5. Nf3 h6 6. c4 b6 7. d4 e4 8. Nfd2 Be7
9. d5 Bf5 10. Nc3 O-O 11. Qc2 Qd7 12. Ndxe4 Re8 13. Bd3 Nxe4 14. Nxe4 Bf8 15.
Nf6+ gxf6 16. Bxf5 Qd8 17. e4 Bg7 18. O-O Nd7 19. f4 Kf8 20. Rf3 Ke7 21. Rg3
Bh8 22. Rh3 Bg7 23. Rf1 Rh8 24. Rff3 Qg8 25. Rfg3 Qf8 26. Qe2 Rd8 27. Qg4 Rg8
28. Bh7 h5 29. Rxh5 f5 30. Qg5+ f6 31. Qg6 Rh8 32. Qxg7+ Qf7 33. Qxf7+ Kxf7 34.
Bg6+ Ke7 35. Rxh8 Rxh8 36. Bxf5 1-0

[Event "Sparkassen-Open B"]
[Site "Heusenstamm, Martinsee"]
[Date "2019.11.22"]
[Round "3.50"]
[White "Berkes, Jörg"]
[Black "Dixon, Laura Michaela"]
[Result "1-0"]
[WhiteElo "1754"]
[BlackElo "1272"]
[PlyCount "119"]
[EventDate "2019.??.??"]
[WhiteTeam "SK Langen"]
[BlackTeam "VSG Offenbach"]

1. Nf3 Nc6 2. d4 d5 3. c4 e6 4. Nc3 Nf6 5. Bf4 g6 6. e3 Bg7 7. Nb5 O-O 8. Nxc7
Rb8 9. Nb5 Ra8 10. Bd6 Re8 11. c5 Bf8 12. Nc7 Bxd6 13. cxd6 Qxd6 14. Nxa8 Bd7
15. Nb6 Qb4+ 16. Qd2 Qxb6 17. Bd3 Nb4 18. Ne5 Rc8 19. O-O Kg7 20. Nxd7 Nxd7 21.
a3 Nc6 22. Rfc1 f5 23. b4 Rd8 24. Rab1 Ne7 25. a4 Qd6 26. Rc2 g5 27. Rbc1 h5
28. Rc7 Rb8 29. Bb5 Nf6 30. f3 g4 31. Bd3 h4 32. f4 Kg6 33. Qc3 Nc6 34. Rxc6
Qxc6 35. b5 Qd6 36. Qe1 Kh5 37. Qc3 Ne8 38. Qc5 Qb6 39. Qe7 Kg6 40. Qg5+ Kf7
41. Qh5+ Kf8 42. Qxh4 Qa5 43. Qh8+ Kf7 44. Qh5+ Kf8 45. Qh8+ Kf7 46. Qe5 Qd2
47. Rf1 Rc8 48. Bxf5 Ng7 49. Bxg4 Rc2 50. Bf3 Nf5 51. Bxd5 Nxe3 52. Qxe6+ Kg7
53. Qe7+ Kg6 54. Be4+ Nf5 55. Qg5+ Kf7 56. Qxf5+ Ke7 57. Bxc2 Qe3+ 58. Kh1 Qe2
59. Qe5+ Qxe5 60. fxe5 1-0

[Event "Sparkassen-Open B"]
[Site "Heusenstamm, Martinsee"]
[Date "2019.11.22"]
[Round "3.51"]
[White "Chambers, Dominik Keith"]
[Black "Özyar, Arin"]
[Result "1/2-1/2"]
[WhiteElo "1684"]
[BlackElo "1345"]
[PlyCount "82"]
[EventDate "2019.??.??"]
[WhiteTeam "SC Lorsch"]
[BlackTeam "SC Bad Soden"]

1. Nf3 d5 2. g3 Nf6 3. Bg2 Bf5 4. d3 Nc6 5. O-O Qd7 6. Nbd2 O-O-O 7. Ng5 e5 8.
c4 dxc4 9. Nxc4 h6 10. Nf3 e4 11. Nfe5 Nxe5 12. Nxe5 Qe6 13. d4 Bd6 14. Qb3
Qxb3 15. axb3 Be6 16. Nc4 Kb8 17. e3 c5 18. Bd2 Rhe8 19. Bc3 Be7 20. Ra2 Rc8
21. Rfa1 a6 22. Nd2 Bd5 23. Nc4 cxd4 24. Bxd4 Bxc4 25. bxc4 Rxc4 26. Bf1 Rc6
27. Bh3 Bc5 28. Bc3 Rd8 29. b4 Be7 30. Be5+ Ka8 31. b5 Rc5 32. Bxf6 Bxf6 33.
Rb1 Rd6 34. bxa6 Rxa6 35. Rxa6+ bxa6 36. Bg2 Rc4 37. f3 Rc3 38. fxe4 Be5 39.
Kf2 Ka7 40. Bf1 Rc2+ 41. Be2 g6 1/2-1/2

[Event "Sparkassen-Open B"]
[Site "Heusenstamm, Martinsee"]
[Date "2019.11.22"]
[Round "3.52"]
[White "Pichl, Johann"]
[Black "Wöhl, Torsten"]
[Result "1/2-1/2"]
[WhiteElo "1315"]
[BlackElo "1522"]
[PlyCount "54"]
[EventDate "2019.??.??"]
[WhiteTeam "SK Bad Homburg"]
[BlackTeam "SC Groß-Zimmern"]

1. d4 e6 2. c4 Nf6 3. Nf3 c5 4. e3 Nc6 5. Bd3 cxd4 6. exd4 Qb6 7. Qb3 Bb4+ 8.
Bd2 Nxd4 9. Qxb4 Nxf3+ 10. gxf3 Qc6 11. Be2 b6 12. Na3 Bb7 13. O-O-O Rc8 14.
Bc3 Qc5 15. Qxc5 Rxc5 16. Bxf6 gxf6 17. Rhg1 Rf5 18. Rg3 Ke7 19. Nb5 Rf4 20.
Nxa7 Ra8 21. Nb5 Rxa2 22. Kb1 Ra5 23. Rg4 Rxf3 24. Bxf3 Bxf3 25. Rdg1 f5 26.
Rh4 Be4+ 27. Kc1 Ra1+ 1/2-1/2

[Event "Sparkassen-Open B"]
[Site "Heusenstamm, Martinsee"]
[Date "2019.11.22"]
[Round "3.53"]
[White "Bosse, Christian"]
[Black "Laux, Filip"]
[Result "1-0"]
[WhiteElo "1507"]
[BlackElo "1129"]
[PlyCount "65"]
[EventDate "2019.??.??"]
[WhiteTeam "SF Nordost Berlin"]
[BlackTeam "VSG Offenbach"]

1. g3 e5 2. Nf3 Nc6 3. Bg2 Bc5 4. O-O d6 5. d3 Nf6 6. c4 Be6 7. Nc3 O-O 8. Bd2
Qd7 9. Re1 Bh3 10. Bh1 Ng4 11. e3 f5 12. Ng5 Qe8 13. Nxh3 Qh5 14. Bg2 f4 15.
Ne4 Bb6 16. a3 a6 17. b4 Rf7 18. Rb1 Ba7 19. Nhg5 Rf5 20. h3 Rxg5 21. Nxg5 Qxg5
22. Qxg4 Qf6 23. Bxc6 bxc6 24. exf4 exf4 25. Qxf4 Qg6 26. Qf3 Rf8 27. Bf4 h6
28. Re7 Bb6 29. Rc1 Qf6 30. Re2 Qg6 31. c5 Ba7 32. cxd6 cxd6 33. Rxc6 1-0

[Event "Sparkassen-Open B"]
[Site "Heusenstamm, Martinsee"]
[Date "2019.11.22"]
[Round "3.54"]
[White "Kosak, Karolina"]
[Black "Carvelli, Nicolas"]
[Result "1-0"]
[WhiteElo "1207"]
[BlackElo "1459"]
[PlyCount "65"]
[EventDate "2019.??.??"]
[WhiteTeam "SV Frankfurt Nord"]
[BlackTeam "SF Seligenstadt"]

1. e4 c5 2. Nc3 d6 3. f4 Nc6 4. Nf3 e5 5. fxe5 dxe5 6. Bb5 Nge7 7. Nxe5 Bd7 8.
Nxd7 Qxd7 9. d3 a6 10. Ba4 b5 11. Bb3 Qd4 12. Qe2 Ng6 13. Be3 Qe5 14. O-O Ra7
15. Qg4 Bd6 16. Qc8+ Nd8 17. g3 O-O 18. Qf5 b4 19. Qxe5 Bxe5 20. Na4 Bd4 21.
Bxd4 cxd4 22. Nc5 a5 23. a3 Rc7 24. axb4 axb4 25. Ra5 Nc6 26. Ra2 Nce7 27. Na6
Rb7 28. Ra4 Ra8 29. Bxf7+ Kh8 30. Rfa1 b3 31. Bxb3 Rxb3 32. cxb3 Rxa6 33. Rxa6
1-0

[Event "Sparkassen-Open B"]
[Site "Heusenstamm, Martinsee"]
[Date "2019.11.22"]
[Round "3.56"]
[White "Fischer, Juliane"]
[Black "Reinhold, Günther"]
[Result "0-1"]
[WhiteElo "1369"]
[BlackElo "1785"]
[PlyCount "114"]
[EventDate "2019.??.??"]
[WhiteTeam "SK Gernsheim"]
[BlackTeam "Frankfurter TV"]

1. e4 c5 2. Nc3 e6 3. f4 d5 4. Nf3 Nc6 5. Bb5 Nge7 6. O-O a6 7. Bxc6+ Nxc6 8.
d3 Be7 9. Qe1 O-O 10. Qg3 b5 11. f5 Re8 12. Bh6 Bf8 13. Rae1 d4 14. Nd1 exf5
15. Ng5 Qd6 16. Qxd6 Bxd6 17. exf5 Rxe1 18. Rxe1 gxh6 19. Re8+ Kg7 20. Nf3 Bb7
21. Re2 f6 22. Re6 Rd8 23. g4 Bc8 24. Re2 Ne5 25. Nxe5 Bxe5 26. Nf2 Bb7 27. Ne4
Bxe4 28. Rxe4 Kf7 29. h3 Rg8 30. Kg2 h5 31. Kf3 hxg4+ 32. hxg4 c4 33. Re2 cxd3
34. cxd3 Rc8 35. Rg2 Rc1 36. Re2 Rf1+ 37. Rf2 Rxf2+ 38. Kxf2 Kg7 39. Kg2 Kh6
40. Kf2 Kg5 41. Kf3 a5 42. b3 a4 43. bxa4 bxa4 44. a3 h6 45. Kg2 Kxg4 46. Kf2
Kxf5 47. Kf3 h5 48. Kg2 Bd6 49. Kh3 Bxa3 50. Kh4 Bc1 51. Kxh5 a3 52. Kh4 Bg5+
53. Kh5 Be3 54. Kh4 a2 55. Kg3 a1=Q 56. Kg2 Qg1+ 57. Kf3 Qf2# 0-1

[Event "Sparkassen-Open B"]
[Site "Heusenstamm, Martinsee"]
[Date "2019.11.22"]
[Round "3.57"]
[White "Kuchta, Maksim"]
[Black "Mook, Karl-Jürgen"]
[Result "1-0"]
[WhiteElo "1308"]
[BlackElo "1513"]
[PlyCount "75"]
[EventDate "2019.??.??"]
[WhiteTeam "SC Heusenstamm"]
[BlackTeam "SC Sulzbach"]

1. e4 e5 2. Nf3 Nc6 3. d4 exd4 4. Nxd4 Bc5 5. Be3 Bxd4 6. Bxd4 Nxd4 7. Qxd4 Qf6
8. Qxf6 Nxf6 9. Nc3 c6 10. O-O-O O-O 11. Be2 Re8 12. f3 b5 13. Rhe1 a5 14. Bf1
Bb7 15. e5 Nd5 16. Nxd5 cxd5 17. Bxb5 Bc6 18. Bxc6 dxc6 19. Rd3 Rab8 20. Rc3
Rb6 21. Rc5 a4 22. f4 Reb8 23. b3 axb3 24. cxb3 Ra8 25. Kb2 Re8 26. a4 Reb8 27.
Re3 d4 28. Rd3 Rd8 29. Rc4 Kf8 30. Rcxd4 Rxd4 31. Rxd4 Ke7 32. a5 Rb5 33. a6
Ra5 34. Ra4 Rd5 35. a7 Rd2+ 36. Ka3 Rxg2 37. a8=Q Ke6 38. Qxc6+ 1-0

[Event "Sparkassen-Open B"]
[Site "Heusenstamm, Martinsee"]
[Date "2019.11.22"]
[Round "3.58"]
[White "Welker, Alexandra"]
[Black "Deiringer, Julius"]
[Result "1/2-1/2"]
[WhiteElo "1441"]
[BlackElo "1181"]
[PlyCount "105"]
[EventDate "2019.??.??"]
[WhiteTeam "TuS Makkabi"]
[BlackTeam "SV Jedesheim"]

1. e4 e5 2. Nf3 Nc6 3. Nc3 Nf6 4. Bb5 Bb4 5. Bxc6 dxc6 6. d3 Qe7 7. Bd2 Bg4 8.
h3 Bd7 9. a3 Bc5 10. Qe2 Bb6 11. Na4 O-O 12. Nxb6 cxb6 13. O-O Nh5 14. Bc3 Nf4
15. Qe3 Ng6 16. d4 exd4 17. Qxd4 f6 18. Rad1 Rad8 19. Qe3 Rfe8 20. Rfe1 Qe6 21.
Nd4 Qe7 22. Nf3 Ne5 23. Nxe5 fxe5 24. Qg3 Qf6 25. Rd3 Re7 26. Red1 Qf4 27. Qxf4
exf4 28. e5 Kf7 29. Rd6 Ke8 30. e6 Rxe6 31. Rxe6+ Bxe6 32. Rxd8+ Kxd8 33. Bxg7
Ke7 34. f3 Kd6 35. Kf2 Bf5 36. c3 Kd5 37. Ke2 a5 38. Bh6 Ke5 39. Kd2 b5 40. Bg5
c5 41. b4 axb4 42. axb4 c4 43. Ke2 Bd3+ 44. Kf2 Kf5 45. h4 h5 46. g3 fxg3+ 47.
Kxg3 Be2 48. Kf2 Bd3 49. Ke3 Ke5 50. f4+ Kd5 51. Bd8 Be4 52. Bg5 Bf5 53. Bd8
1/2-1/2

[Event "Sparkassen-Open B"]
[Site "Heusenstamm, Martinsee"]
[Date "2019.11.22"]
[Round "3.59"]
[White "Tobias, Karolin"]
[Black "Keck, Johannes"]
[Result "0-1"]
[WhiteElo "1261"]
[BlackElo "1263"]
[PlyCount "82"]
[EventDate "2019.??.??"]
[WhiteTeam "SV Oberursel"]
[BlackTeam "SC Erlangen"]

1. e4 e6 2. d4 d5 3. e5 c5 4. c3 Nc6 5. Nf3 Qb6 6. Be2 cxd4 7. cxd4 Nge7 8. O-O
Nf5 9. Nc3 Ncxd4 10. Nxd4 Qxd4 11. Qxd4 Nxd4 12. Bd2 Bd7 13. Bd3 a6 14. Rac1
Nc6 15. Rfe1 Be7 16. Na4 Nxe5 17. Rxe5 Bxa4 18. b3 Bc6 19. Re3 Bg5 20. Re2 Bxd2
21. Rxd2 O-O 22. Re2 Rac8 23. Rce1 Rc7 24. Re3 Bb5 25. Bb1 Rfc8 26. h3 Rc1 27.
Kh2 Rxe1 28. Rxe1 g6 29. a4 Bd7 30. Bd3 Rc3 31. Rd1 Rxb3 32. Bc2 Rb2 33. Rc1
Bc6 34. f3 Rb4 35. Ra1 d4 36. Kg1 Rb2 37. Bd1 Kg7 38. Kf1 Kf6 39. Be2 e5 40.
Bd3 Ke7 41. Ke1 Rxg2 0-1

[Event "Sparkassen-Open B"]
[Site "Heusenstamm, Martinsee"]
[Date "2019.11.22"]
[Round "3.60"]
[White "Sallwey, Rainer"]
[Black "Fischer, Lutz"]
[Result "0-1"]
[WhiteElo "1416"]
[BlackElo "1679"]
[PlyCount "56"]
[EventDate "2019.??.??"]
[WhiteTeam "SK Langen"]
[BlackTeam "SF Frankfurt"]

1. d4 d5 2. Nf3 Nf6 3. e3 Bg4 4. Be2 e6 5. c3 c5 6. O-O Nbd7 7. Nbd2 Bd6 8. h3
Bh5 9. Re1 O-O 10. b3 a6 11. Bb2 b5 12. Rc1 c4 13. b4 Ne4 14. Nxe4 dxe4 15. Nd2
Bxe2 16. Qxe2 f5 17. f3 Nf6 18. f4 Nd5 19. Nf1 Ra7 20. a3 g5 21. g3 Rg7 22. Kh1
gxf4 23. exf4 Rf6 24. Rc2 Rfg6 25. Qh2 Nxf4 26. Re3 Nh5 27. Qe2 Nxg3+ 28. Nxg3
Bxg3 0-1

[Event "Sparkassen-Open B"]
[Site "Heusenstamm, Martinsee"]
[Date "2019.11.22"]
[Round "3.62"]
[White "Bondarevsky, David"]
[Black "Bakó, Isabella"]
[Result "0-1"]
[WhiteElo "1403"]
[BlackElo "1177"]
[PlyCount "118"]
[EventDate "2019.??.??"]
[WhiteTeam "TuS Makkabi"]
[BlackTeam "TSV Langenau"]

1. e4 c5 2. Nf3 d6 3. Nc3 g6 4. d4 cxd4 5. Nxd4 Bg7 6. Nb3 Nf6 7. Be3 O-O 8.
Be2 Nc6 9. Qd2 Be6 10. O-O Rc8 11. Bh6 Qc7 12. Bxg7 Kxg7 13. Nd5 Nxe4 14. Nxc7
Nxd2 15. Nxe6+ fxe6 16. Nxd2 Nd4 17. Bd3 Nxc2 18. Bxc2 Rxc2 19. Nf3 Rxb2 20.
Rfb1 Rxb1+ 21. Rxb1 Rc8 22. h3 b6 23. Rb2 Kf6 24. Kf1 d5 25. Ke2 e5 26. Kd2 e4
27. Ne1 d4 28. Rc2 Rd8 29. Rc7 a5 30. Rc6+ Rd6 31. Rxd6+ exd6 32. Nc2 d3 33.
Ne3 b5 34. a3 Ke5 35. Ng4+ Kd4 36. f3 d5 37. Nf6 h6 38. Nd7 e3+ 39. Kd1 e2+ 40.
Kd2 b4 41. axb4 axb4 42. Nb6 Kc5 43. Na4+ Kd4 44. Nb2 e1=Q+ 45. Kxe1 Kc3 46.
Nd1+ Kc2 47. Ne3+ Kc1 48. Nd1 d2+ 49. Ke2 d4 50. Nf2 Kc2 51. g4 d3+ 52. Ke3 b3
53. Nd1 b2 54. Nxb2 g5 55. h4 gxh4 56. f4 h3 57. f5 h2 58. Nxd3 h1=Q 59. Nf2
d1=N+ 0-1

[Event "Sparkassen-Open B"]
[Site "Heusenstamm, Martinsee"]
[Date "2019.11.22"]
[Round "3.63"]
[White "Andrianarison, Ny Koloina"]
[Black "Wohlgemuth, Wolfgang"]
[Result "1-0"]
[WhiteElo "1398"]
[BlackElo "1190"]
[PlyCount "73"]
[EventDate "2019.??.??"]
[WhiteTeam "ESV Gera"]
[BlackTeam "TG Biberach"]

1. e4 c5 2. Nf3 d6 3. Nc3 a6 4. h3 Nc6 5. d3 g6 6. Be2 Bg7 7. Bd2 e6 8. Qc1
Nge7 9. O-O O-O 10. Bh6 Qb6 11. Bxg7 Kxg7 12. Na4 Qc7 13. b4 b5 14. Nb2 e5 15.
c3 Bb7 16. Nd1 d5 17. Ne3 dxe4 18. dxe4 Rad8 19. Ng4 Ng8 20. Qe3 Nce7 21. Ngxe5
f5 22. exf5 Nxf5 23. Qg5 Rf6 24. Ng4 Re6 25. Rfe1 Rde8 26. Qd2 Rd8 27. Qb2 Bxf3
28. Bxf3 Red6 29. c4+ Kf8 30. cxb5 axb5 31. Qe5 Qf7 32. Qxc5 Nd4 33. Rad1 Nxf3+
34. gxf3 Qf4 35. Re4 Kf7 36. Rxf4+ Nf6 37. Rxd6 1-0

[Event "Sparkassen-Open B"]
[Site "Heusenstamm, Martinsee"]
[Date "2019.11.22"]
[Round "3.64"]
[White "de Boer, Alex"]
[Black "Follert, Christian"]
[Result "1-0"]
[WhiteElo "1094"]
[BlackElo "1392"]
[PlyCount "45"]
[EventDate "2019.??.??"]
[WhiteTeam "SK Bickenbach"]
[BlackTeam "SF Seligenstadt"]

1. e4 c5 2. Nf3 Nc6 3. d4 cxd4 4. Nxd4 Nf6 5. Nc3 g6 6. Ndb5 a6 7. Na3 Bg7 8.
Bg5 O-O 9. Nc4 h6 10. Bh4 b5 11. Ne3 Qa5 12. Bd3 Nh5 13. Qd2 Nf4 14. O-O Nxd3
15. Qxd3 Bb7 16. Qxd7 Rab8 17. Ned5 Kh8 18. Bxe7 Ne5 19. Qh3 Bc8 20. Qh4 g5 21.
Qg3 Re8 22. Bd6 Ra8 23. Bc7 1-0

[Event "Sparkassen-Open B"]
[Site "Heusenstamm, Martinsee"]
[Date "2019.11.22"]
[Round "3.66"]
[White "Kehrein, Lothar"]
[Black "Werner, Florin"]
[Result "0-1"]
[WhiteElo "1297"]
[BlackElo "981"]
[Annotator "Schloessner,Henrik"]
[PlyCount "61"]
[EventDate "2019.??.??"]
[WhiteTeam "VSG Offenbach"]
[BlackTeam "SK Gau-Algesheim"]

{Die Partie wurde mit vertauschten Farben zur Auslosung gespielt!} 1. e4 e5 2.
Nf3 Nc6 3. Bc4 Bc5 4. O-O d6 5. h3 Nf6 6. Nc3 Be6 7. Bb3 Qd7 8. Bxe6 fxe6 9. d3
O-O 10. Be3 Bb6 11. a3 Rf7 12. Bxb6 axb6 13. b4 Raf8 14. Ng5 Re7 15. Nf3 Nh5
16. Ne2 Nf4 17. Nxf4 exf4 18. c3 e5 19. Re1 Rf6 20. d4 Rg6 21. Nh4 Rg5 22. Nf3
Rg6 23. Nh4 Rh6 24. Nf5 Rg6 25. Nxe7+ Nxe7 26. Qf3 Rg5 27. Rad1 Ng6 28. dxe5
Nxe5 29. Qxf4 Rg6 30. Qxe5 Qxh3 31. Qe8# 0-1

[Event "Sparkassen-Open B"]
[Site "Heusenstamm, Martinsee"]
[Date "2019.11.22"]
[Round "3.67"]
[White "Merz, Leander"]
[Black "Klein, Simon"]
[Result "0-1"]
[WhiteElo "1164"]
[BlackElo "1371"]
[PlyCount "90"]
[EventDate "2019.??.??"]
[WhiteTeam "Schachforum Darmstadt"]
[BlackTeam "SK Hungen"]

1. d4 d5 2. c4 c6 3. Nc3 dxc4 4. e3 b5 5. a4 b4 6. Ne4 Qd5 7. Qc2 Bf5 8. f3 Be6
9. Nc5 Bd7 10. Nxd7 Nxd7 11. Bxc4 Qh5 12. Bd2 a5 13. Be2 Qg6 14. Qxg6 hxg6 15.
e4 e5 16. dxe5 Nxe5 17. Bf4 Bd6 18. Bxe5 Bxe5 19. O-O-O Nf6 20. g3 c5 21. Bb5+
Ke7 22. Bc6 Rac8 23. Bd5 c4 24. f4 Bb8 25. Rd2 c3 26. bxc3 Rxc3+ 27. Kb1 Rhc8
28. Ne2 Ra3 29. Ra2 Rxa2 30. Bxa2 Nxe4 31. Re1 Kf6 32. Rc1 Rxc1+ 33. Kxc1 Nc5
34. Kc2 Nxa4 35. Bb3 Nc5 36. Nd4 a4 37. Bc4 b3+ 38. Kb2 Bd6 39. Bb5 g5 40.
fxg5+ Kxg5 41. h4+ Kg4 42. Be8 f6 43. Bf7 Bxg3 44. h5 Be5 45. Kc3 Bxd4+ 0-1

[Event "Sparkassen-Open B"]
[Site "Heusenstamm, Martinsee"]
[Date "2019.11.22"]
[Round "3.68"]
[White "Lochmann, Tobias"]
[Black "Bauer, Laura Sophie"]
[Result "0-1"]
[WhiteElo "1158"]
[BlackElo "1356"]
[PlyCount "60"]
[EventDate "2019.??.??"]
[WhiteTeam "SV Groß-Gerau"]
[BlackTeam "SK Neumarkt"]

1. c4 e5 2. e4 Nf6 3. Nc3 Nc6 4. Nf3 Bc5 5. g3 O-O 6. Bg2 d6 7. O-O Bg4 8. h3
Be6 9. Ng5 Bxc4 10. Re1 h6 11. Nf3 Re8 12. d3 Be6 13. Nd5 Nxd5 14. exd5 Bxd5
15. b3 e4 16. Nd2 Bxf2+ 17. Kxf2 Qf6+ 18. Kg1 Qxa1 19. dxe4 Qd4+ 20. Kh2 Be6
21. Qe2 Nb4 22. Nf3 Qb6 23. Rd1 Bf5 24. Nh4 Bxe4 25. Bxe4 d5 26. Qg4 Rxe4 27.
Qf3 Rae8 28. Rf1 f6 29. Ng6 Re2+ 30. Qxe2 Rxe2+ 0-1

[Event "Sparkassen-Open B"]
[Site "Heusenstamm, Martinsee"]
[Date "2019.11.22"]
[Round "3.69"]
[White "Richter, Johannes"]
[Black "Moissl, Julian"]
[Result "1-0"]
[WhiteElo "1348"]
[BlackElo "915"]
[PlyCount "51"]
[EventDate "2019.??.??"]
[WhiteTeam "Berkershm"]
[BlackTeam "SK Bad Homburg"]

1. Nf3 Nc6 2. d4 d5 3. c4 Nf6 4. cxd5 Nxd5 5. e4 Nf6 6. e5 Nd5 7. Nc3 Be6 8.
Be2 g6 9. O-O Bg7 10. Bg5 Qd7 11. Ne4 f6 12. Nc5 Qc8 13. exf6 Bxf6 14. Bh6 Bg4
15. Re1 Bxf3 16. Bxf3 Qf5 17. Bg4 Nc3 18. bxc3 Qd5 19. Qb3 Qxb3 20. axb3 g5 21.
Ne4 Kd8 22. Bxg5 Bxg5 23. Nxg5 Rg8 24. h4 h6 25. Ne6+ Kd7 26. Bh3 1-0

[Event "Sparkassen-Open B"]
[Site "Heusenstamm, Martinsee"]
[Date "2019.11.23"]
[Round "4.1"]
[White "Goff, Simon"]
[Black "Rashed, Mohammed"]
[Result "1-0"]
[WhiteElo "1780"]
[BlackElo "1566"]
[PlyCount "99"]
[EventDate "2019.??.??"]
[WhiteTeam "SK Gießen"]
[BlackTeam "Sfr. Mörfelden"]

1. d4 Nf6 2. Bf4 d5 3. e3 e6 4. Nd2 c5 5. c3 c4 6. Ngf3 Nh5 7. Bg5 Be7 8. Bxe7
Qxe7 9. Ne5 Nf6 10. b3 cxb3 11. axb3 O-O 12. Bd3 Nc6 13. f4 Qc7 14. Rc1 Ne7 15.
O-O Bd7 16. Qf3 Ng6 17. g4 Bc6 18. g5 Ne4 19. Nxe4 dxe4 20. Bxe4 Nxe5 21. fxe5
Bxe4 22. Qxe4 Qe7 23. h4 b5 24. c4 Qb4 25. Qc2 Rac8 26. c5 Rc6 27. Qc3 Qxc3 28.
Rxc3 b4 29. Rcc1 a5 30. Ra1 Ra8 31. Ra4 h6 32. Kf2 hxg5 33. hxg5 Kh7 34. Kf3
Kg6 35. Kf4 f5 36. gxf6 gxf6 37. exf6 Kxf6 38. Ke4+ Ke7 39. Ke5 Rca6 40. Rh1
Rf8 41. Rh7+ Kd8 42. Rb7 Rf5+ 43. Ke4 Rf1 44. Rbxb4 Kc7 45. Rb5 Rb1 46. Rbxa5
Rxa5 47. Rxa5 Rxb3 48. Ra7+ Kc6 49. Re7 e5 50. Rxe5 1-0

[Event "Sparkassen-Open B"]
[Site "Heusenstamm, Martinsee"]
[Date "2019.11.23"]
[Round "4.2"]
[White "Denz, Markus"]
[Black "Lasschuit, Rene"]
[Result "1/2-1/2"]
[WhiteElo "1400"]
[BlackElo "1761"]
[PlyCount "91"]
[EventDate "2019.??.??"]
[WhiteTeam "SC Hattersheim"]
[BlackTeam "SV Berolina Mitte"]

1. d4 d5 2. c4 dxc4 3. e4 c5 4. d5 Nf6 5. Nc3 b5 6. Bf4 Qa5 7. a4 Nxe4 8. axb5
Nxc3 9. Rxa5 Nxd1 10. Kxd1 Nd7 11. Bxc4 Nb6 12. b3 Bb7 13. Nf3 Nxd5 14. Bxd5
Bxd5 15. Kc2 f6 16. Rha1 e5 17. Nxe5 fxe5 18. Bxe5 Be7 19. Rxa7 Rxa7 20. Rxa7
Rf8 21. b6 Rxf2+ 22. Kd1 Rxg2 23. b7 Bxb7 24. Rxb7 h5 25. Rc7 g5 26. Rc6 g4 27.
Ke1 Kf7 28. Kf1 Rc2 29. Kg1 h4 30. Bd6 Bxd6 31. Rxd6 h3 32. Rc6 Rg2+ 33. Kh1
Rb2 34. Kg1 Rxb3 35. Rxc5 Rb2 36. Rc6 Ke7 37. Ra6 Kf7 38. Rc6 Kg7 39. Rd6 Rg2+
40. Kh1 Rb2 41. Kg1 Rb1+ 42. Kf2 Rh1 43. Kg3 Rg1+ 44. Kh4 Rg2 45. Rd4 Rxh2 46.
Rxg4+ 1/2-1/2

[Event "Sparkassen-Open B"]
[Site "Heusenstamm, Martinsee"]
[Date "2019.11.23"]
[Round "4.3"]
[White "Haftmann, Rainer"]
[Black "Behr, Julian"]
[Result "0-1"]
[WhiteElo "1712"]
[BlackElo "1562"]
[PlyCount "76"]
[EventDate "2019.??.??"]
[WhiteTeam "SG Dietzenbach"]
[BlackTeam "SC Landskrone"]

1. e4 e5 2. Nf3 Nc6 3. Bb5 Bc5 4. O-O d6 5. d4 exd4 6. Nxd4 Bd7 7. Nxc6 Bxc6 8.
Bxc6+ bxc6 9. c3 Ne7 10. b3 O-O 11. c4 Ng6 12. Bb2 Re8 13. Qg4 f6 14. Nd2 Re7
15. Kh1 Qf8 16. h4 Rae8 17. h5 Ne5 18. Qh3 Nf7 19. f4 Bb4 20. Bc3 Bxc3 21. Qxc3
Nh6 22. Qh3 g6 23. g4 Nf7 24. g5 fxg5 25. fxg5 Qg7 26. hxg6 Qxg6 27. Qh4 Re5
28. Rf6 Qg7 29. Rf5 Nxg5 30. Rg1 Rxf5 31. exf5 h6 32. Nf3 Kf7 33. Nxg5+ hxg5
34. Qh5+ Kf8 35. Qf3 c5 36. f6 Qh7+ 37. Kg2 Qc2+ 38. Qf2 Re2 0-1

[Event "Sparkassen-Open B"]
[Site "Heusenstamm, Martinsee"]
[Date "2019.11.23"]
[Round "4.4"]
[White "Suliga, Eckhard"]
[Black "Tobias, Christian"]
[Result "1-0"]
[WhiteElo "1656"]
[BlackElo "1354"]
[PlyCount "57"]
[EventDate "2019.??.??"]
[WhiteTeam "SC Lüneburg"]
[BlackTeam "SV Oberursel"]

1. e4 e5 2. Nf3 Nc6 3. Bb5 a6 4. Bxc6 dxc6 5. O-O f6 6. d4 exd4 7. Nxd4 c5 8.
Nb3 Qxd1 9. Rxd1 Bd7 10. Be3 b6 11. Nc3 O-O-O 12. Rd2 Bd6 13. Nd5 Ne7 14. Nxb6+
cxb6 15. Rxd6 Bc6 16. Rxd8+ Rxd8 17. f3 g5 18. Kf2 h6 19. h4 Ng6 20. hxg5 hxg5
21. Rh1 Ne5 22. Nd2 Bd7 23. Rh6 Rf8 24. b3 Kc7 25. Ke2 Be6 26. Bxg5 fxg5 27.
Rxe6 Nf7 28. Rf6 a5 29. e5 1-0

[Event "Sparkassen-Open B"]
[Site "Heusenstamm, Martinsee"]
[Date "2019.11.23"]
[Round "4.5"]
[White "Kähm, Kevin"]
[Black "Draxler, Gottfried"]
[Result "1/2-1/2"]
[WhiteElo "1468"]
[BlackElo "1762"]
[PlyCount "60"]
[EventDate "2019.??.??"]
[WhiteTeam "SK Bischofsheim"]
[BlackTeam "SF Neuberg"]

1. d4 d5 2. Nf3 Nf6 3. Bf4 c6 4. g3 h6 5. Bg2 Bf5 6. c3 e6 7. O-O Bd6 8. Bxd6
Qxd6 9. Nbd2 O-O 10. Ne5 Nbd7 11. Nxd7 Qxd7 12. Re1 Rad8 13. e4 dxe4 14. Nxe4
Nxe4 15. Bxe4 Bxe4 16. Rxe4 c5 17. Qe2 Qc7 18. Qc4 Rc8 19. dxc5 Qxc5 20. Qxc5
Rxc5 21. Rd1 Rfc8 22. Rd7 R5c7 23. Red4 Kf8 24. Rxc7 Rxc7 25. Rd8+ Ke7 26. Rg8
Kf6 27. Kf1 Rd7 28. Ke2 h5 29. h4 g6 30. b4 a6 1/2-1/2

[Event "Sparkassen-Open B"]
[Site "Heusenstamm, Martinsee"]
[Date "2019.11.23"]
[Round "4.6"]
[White "Heun, Andreas"]
[Black "Hegel, Jonas"]
[Result "1/2-1/2"]
[WhiteElo "1640"]
[BlackElo "1616"]
[PlyCount "59"]
[EventDate "2019.??.??"]
[WhiteTeam "SC Ladja Roßdorf"]
[BlackTeam "SC Peiting"]

1. d4 Nf6 2. Bf4 c5 3. d5 d6 4. c4 g6 5. Nc3 Bg7 6. e4 Qa5 7. Bd2 O-O 8. Nf3 a6
9. Be2 Nbd7 10. Qc1 Re8 11. O-O Qc7 12. a4 b6 13. Re1 e6 14. Bh6 exd5 15. Bxg7
Kxg7 16. Nxd5 Nxd5 17. exd5 Ne5 18. Qc3 f6 19. Nxe5 Rxe5 20. Bd3 Qe7 21. Rxe5
Qxe5 22. Qxe5 fxe5 23. Re1 Kf7 24. h4 Bd7 25. b3 h6 26. Re3 Be8 27. Rf3+ Kg7
28. Re3 Kf7 29. Rg3 Kf6 30. Rf3+ 1/2-1/2

[Event "Sparkassen-Open B"]
[Site "Heusenstamm, Martinsee"]
[Date "2019.11.23"]
[Round "4.7"]
[White "Weyerer, Noah"]
[Black "Dinse, Michael"]
[Result "1-0"]
[WhiteElo "1362"]
[BlackElo "1709"]
[PlyCount "59"]
[EventDate "2019.??.??"]
[WhiteTeam "SV Oberursel"]
[BlackTeam "SC Turm Reinfeld"]

1. f4 d6 2. Nf3 g6 3. e4 Bg7 4. d3 Nc6 5. Be2 e5 6. c3 Nge7 7. O-O exf4 8. Bxf4
Ne5 9. d4 Nxf3+ 10. Bxf3 Nc6 11. Qd2 O-O 12. Na3 a6 13. Nc2 Rb8 14. Ne3 Qe7 15.
Nd5 Qd8 16. Bh6 f5 17. Bxg7 Kxg7 18. Ne3 Ne7 19. Rae1 fxe4 20. Bxe4 Rxf1+ 21.
Rxf1 d5 22. Bd3 Be6 23. Qf2 Qf8 24. Qh4 Bf7 25. Qf6+ Kg8 26. Ng4 Re8 27. Nh6+
Qxh6 28. Qxf7+ Kh8 29. Qxe8+ Ng8 30. Qe5+ 1-0